[Event "40th Olympiad Women"]
[Site "Istanbul TUR"]
[Date "2012.08.29"]
[Round "2.11"]
[Board "1"]
[White "Hallaeva, Bahar"]
[Black "Bojkovic, Natasa"]
[Result "0-1"]
[WhiteTitle "WFM"]
[BlackTitle "IM"]
[WhiteElo "2174"]
[BlackElo "2392"]
[WhiteTeam "Turkmenistan"]
[BlackTeam "Serbia"]
[WhiteFideId "14000679"]
[BlackFideId "908550"]
[EventDate "2012.08.28"]

1. e4 c5 2. Nf3 e6 3. c3 d5 4. exd5 Qxd5 5. d4 Nf6 6. Be3 cxd4 7. cxd4 Bb4+ 8.
Nc3 O-O 9. Bd3 b6 10. O-O Bxc3 11. bxc3 Ba6 12. Bxa6 Nxa6 13. Qa4 Qb7 14. c4
Rfc8 15. Rfc1 Nb8 16. Rab1 Nbd7 17. c5 Rc6 18. Ne5 Nxe5 19. dxe5 Nd5 20. Qb3
Rac8 21. cxb6 axb6 22. Rxc6 Rxc6 23. Rc1 Rxc1+ 24. Bxc1 Qc7 25. Bb2 h6 26. g3
Qc6 27. a4 Qc5 28. Qb5 Qc2 29. Ba3 Kh7 30. Bd6 Qd1+ 31. Kg2 Qg4 32. Kf1 Qf3 33.
Kg1 Qe4 34. Qb3 h5 35. h4 Kg8 36. Qb5 Qf3 37. Bb4 Qd1+ 38. Kg2 Qg4 39. Bd2 Qe4+
40. Kg1 Kh7 41. a5 bxa5 42. Qxa5 Qxe5 43. Qa7 Qe2 44. Qd4 Qf3 45. Bc1 f6 46. Bb2
Qe2 47. Kg2 Ne7 48. Qa7 Nd5 49. Ba3 Qg4 50. Kh2 Nc3 51. Bf8 Ne4 52. Kg2 Qg6 53.
Qd7 f5 54. Qc7 Nf6 55. Ba3 Nd5 56. Qe5 f4 57. Bb2 fxg3 58. fxg3 Nf6 59. Bd4 Ng4
60. Qe2 Qf5 61. Bb2 e5 62. Ba3 e4 63. Bd6 e3 64. Bf4 Qe4+ 65. Kg1 Kh8 66. Bg5
Qb1+ 67. Kg2 Qe4+ 68. Kg1 Qe5 69. Bf4 Qd5 70. Bg5 Kh7 71. Bf4 Kg6 72. Qc2+ Kf7
73. Qe2 Qd4 74. Bg5 Ke6 75. Qa2+ Kf5 76. Qc2+ Ke5 77. Bf4+ Kd5 78. Qg2+ Kc5 79.
Qe2 Kb4 80. Qe1+ Kb3 81. Qb1+ Kc3 82. Qc1+ Kd3 83. Qd1+ Kc3 84. Qc1+ Kb3 85.
Qb1+ Kc4 86. Qc2+ Qc3 87. Qe4+ Kb3 88. Qb1+ Ka3 89. Bd6+ Ka4 90. Qa2+ Kb5 91.
Qe2+ Kc6 92. Bf4 Kc5 93. Kg2 Kd4 94. Kg1 Qc4 95. Qb2+ Kd3 96. Qb1+ Kd2 97. Qb2+
Qc2 98. Qd4+ Ke2 99. Bxe3 0-1

[Event "40th Olympiad Women"]
[Site "Istanbul TUR"]
[Date "2012.08.29"]
[Round "2.11"]
[Board "2"]
[White "Manakova, Maria"]
[Black "Isaeva, Aknyr"]
[Result "1-0"]
[WhiteTitle "WGM"]
[WhiteElo "2304"]
[BlackElo "2011"]
[WhiteTeam "Serbia"]
[BlackTeam "Turkmenistan"]
[WhiteFideId "927007"]
[BlackFideId "14000989"]
[EventDate "2012.08.28"]

1. e4 c5 2. Nf3 Nc6 3. d4 cxd4 4. Nxd4 g6 5. Nc3 Bg7 6. Be3 Nf6 7. f3 O-O 8. Qd2
d5 9. exd5 Nxd5 10. Nxd5 Qxd5 11. Nxc6 Qxc6 12. c3 Be6 13. Be2 Rfd8 14. Qc1 Bc4
15. Bxc4 Qxc4 16. Kf2 b6 17. Re1 Rd5 18. Kg1 Rad8 19. Qc2 Be5 20. Qe2 Qa4 21.
Rac1 Bf6 22. b3 Qd7 23. Bf4 Rd3 24. c4 Bc3 25. Qxe7 Bxe1 26. Rxe1 Rd1 27. Kf2
Qxe7 28. Rxe7 R8d7 29. Re2 f6 30. h4 Kf7 31. Rc2 R7d4 32. Kg3 Ke6 33. c5 bxc5
34. Rxc5 Rd5 35. Rc6+ Ke7 36. Ra6 Rd7 37. Be3 Re1 38. Bxa7 Re2 39. Bc5+ Kf7 40.
a4 Rdd2 41. Ra7+ Kg8 42. b4 Rxg2+ 43. Kf4 Rh2 44. b5 Rxh4+ 45. Ke3 Ra2 46. b6
Rb2 47. a5 Rb3+ 48. Kf2 Rc4 49. Rc7 Ra4 50. Ra7 Rb5 51. b7 Raxa5 52. Rxa5 Rxb7
53. Ra6 Rf7 54. Bd4 Kg7 55. Kg3 g5 56. f4 Kg6 57. Ra5 gxf4+ 58. Kxf4 Rd7 59. Ba1
Rd6 60. Ra2 Rd5 61. Ra6 Rf5+ 62. Kg4 h5+ 63. Kg3 Kg5 64. Bd4 h4+ 65. Kg2 Kg6 66.
Rd6 Rf4 67. Kh3 Kf7 68. Bb2 f5 69. Bf6 Re4 70. Bxh4 Re3+ 71. Kg2 Re6 72. Rd5 Kg6
73. Kf3 Re4 74. Rd6+ Kh5 75. Bg3 Rb4 76. Bf4 Rb3+ 77. Be3 f4 78. Kxf4 Rb8 79.
Rf6 Rh8 80. Bd4 Rh7 81. Be3 Rh8 82. Kg3 Rh7 83. Kf4 Rh8 84. Bf2 Rh7 85. Kf5 Rh8
86. Rf7 Rh6 87. Be3 Rh8 88. Bd4 Rh6 89. Bf6 Rg6 90. Rh7+ Rh6 91. Rg7 Rg6 92.
Rh7+ Rh6 93. Rb7 Rg6 94. Rb4 Rg5+ 95. Ke6 Rg4 96. Rb8 Rg6 97. Kf7 Rh6 98. Rb4
Rh7+ 99. Ke6 1-0

[Event "40th Olympiad Women"]
[Site "Istanbul TUR"]
[Date "2012.08.29"]
[Round "2.12"]
[Board "1"]
[White "Nakhbayeva, Guliskhan"]
[Black "Khoudgarian, Natalia"]
[Result "1-0"]
[WhiteTitle "WIM"]
[BlackTitle "WIM"]
[WhiteElo "2291"]
[BlackElo "2158"]
[WhiteTeam "Kazakhstan"]
[BlackTeam "Canada"]
[WhiteFideId "13704788"]
[BlackFideId "2602121"]
[EventDate "2012.08.28"]

1. d4 e6 2. c4 f5 3. Nc3 Nf6 4. Qc2 c6 5. Bf4 d5 6. e3 Bd6 7. Nf3 Ne4 8. Bd3 O-O
9. O-O Bxf4 10. exf4 Nd7 11. c5 b5 12. Ne2 a5 13. Ne5 Qc7 14. a3 Ra7 15. Kh1
Nef6 16. f3 g6 17. Rg1 Nxe5 18. fxe5 Ne8 19. Qd2 Qf7 20. g3 Ng7 21. Raf1 Ba6 22.
Qxa5 b4 23. Bxa6 bxa3 24. Qb6 axb2 25. Bd3 Ra3 26. Bb1 1-0

[Event "40th Olympiad Women"]
[Site "Istanbul TUR"]
[Date "2012.08.29"]
[Round "2.12"]
[Board "2"]
[White "Peng, Jackie"]
[Black "Dauletova, Gulmira"]
[Result "0-1"]
[WhiteTitle "WCM"]
[BlackTitle "WIM"]
[WhiteElo "2009"]
[BlackElo "2267"]
[WhiteTeam "Canada"]
[BlackTeam "Kazakhstan"]
[WhiteFideId "2609819"]
[BlackFideId "13702971"]
[EventDate "2012.08.28"]

1. e4 e5 2. Nf3 d6 3. d4 exd4 4. Nxd4 Nf6 5. Nc3 Be7 6. Be2 O-O 7. O-O Re8 8. f4
Bf8 9. Bf3 c5 10. Nb3 Nc6 11. Re1 a5 12. Be3 a4 13. Nd2 a3 14. b3 Nb4 15. Nc4
Be6 16. f5 Bxc4 17. bxc4 Nd7 18. Nd5 Ne5 19. Be2 Nbc6 20. Rb1 Na5 21. Bf4 Ra7
22. Bxe5 Rxe5 23. Bd3 Qh4 24. Qf3 Nc6 25. c3 Be7 26. g3 Qh6 27. Rb5 Qd2 28. Re2
Qc1+ 29. Kg2 Bf8 30. Rb1 Qg5 31. f6 Re6 32. h4 Qh6 33. fxg7 Qxg7 34. Rf2 Ne5 35.
Qe2 Rg6 36. Rf3 Nxf3 37. Qxf3 Qe5 38. Rf1 b6 39. h5 Rg5 40. Be2 Bg7 41. h6 Bxh6
42. Nf6+ Kh8 43. Rh1 Rg6 44. Ng4 Qe6 45. Qf5 Re7 46. Bf3 Bg5 47. Nf2 Bd2 48. Bg4
Qe5 49. Qxe5+ dxe5 50. Bf5 Bxc3 51. Bxg6 fxg6 52. Rd1 Bd4 53. Rb1 Ra7 54. Rxb6
Ra4 55. Ng4 Rxc4 56. Rb7 Kg8 57. Nf6+ Kf8 58. Rd7 Rc2+ 59. Kh3 Rf2 60. Nxh7+ Ke8
61. Ra7 Rxa2 62. Kg4 c4 63. Rc7 Rc2 0-1

[Event "40th Olympiad Women"]
[Site "Istanbul TUR"]
[Date "2012.08.29"]
[Round "2.12"]
[Board "3"]
[White "Saduakassova, Dinara"]
[Black "Botez, Alexandra"]
[Result "1-0"]
[WhiteTitle "WIM"]
[BlackTitle "WCM"]
[WhiteElo "2216"]
[BlackElo "2009"]
[WhiteTeam "Kazakhstan"]
[BlackTeam "Canada"]
[WhiteFideId "13700090"]
[BlackFideId "2603365"]
[EventDate "2012.08.28"]

1. d4 Nf6 2. c4 g6 3. Nc3 Bg7 4. e4 d6 5. Nf3 O-O 6. Be2 Na6 7. O-O e5 8. Be3
Ng4 9. Bg5 Qe8 10. dxe5 Nxe5 11. Nxe5 Qxe5 12. Qd2 Nc5 13. Bf4 Qe8 14. Bf3 Ne6
15. Be3 Bd7 16. Rfe1 Bc6 17. Nd5 Qd7 18. Nb4 Be5 19. g3 a5 20. Nd5 Bxd5 21. exd5
Ng7 22. Bg2 f5 23. Bg5 b6 24. Re2 Nh5 25. Bh3 Qa4 26. Qd3 Rae8 27. Rae1 f4 28.
b3 Qb4 29. Bd7 Ra8 30. Be7 Qc3 31. Qxc3 Bxc3 32. Rc1 Be5 33. Bxf8 Rxf8 34. Bg4
Nf6 35. Be6+ Kg7 36. gxf4 Bxf4 37. Rce1 Be5 38. Bh3 Nh5 39. Re4 Nf4 40. Be6 Nd3
41. Rf1 Nc5 42. Re3 Nxe6 43. dxe6 Re8 44. Kg2 g5 45. h4 h6 46. hxg5 hxg5 47. Rh1
Rxe6 48. Reh3 Kf7 49. Rh6 Bf6 50. R1h3 Re4 51. Rf3 Rg4+ 52. Kf1 Rf4 53. Rxf4
gxf4 54. Ke2 Ke7 55. Rh7+ Kd8 56. Kf3 Be5 57. Ke4 c6 58. Rb7 Kc8 59. Rxb6 Bc3
60. Rxc6+ Kd7 61. Ra6 Bd2 62. f3 Kc7 63. Ra8 Kc6 64. Rf8 Kc5 65. Rf5+ Kc6 66.
Rxf4 1-0

[Event "40th Olympiad Women"]
[Site "Istanbul TUR"]
[Date "2012.08.29"]
[Round "2.12"]
[Board "4"]
[White "Lacau-Rodean, Iulia"]
[Black "Davletbayeva, Madina"]
[Result "0-1"]
[BlackTitle "WIM"]
[WhiteElo "1999"]
[BlackElo "2165"]
[WhiteTeam "Canada"]
[BlackTeam "Kazakhstan"]
[WhiteFideId "1211285"]
[BlackFideId "13703595"]
[EventDate "2012.08.28"]

1. e4 e5 2. Nf3 Nc6 3. Bb5 a6 4. Bxc6 dxc6 5. O-O Bg4 6. h3 h5 7. d3 Qf6 8. Be3
Bxf3 9. Qxf3 Qxf3 10. gxf3 Bd6 11. Nd2 Ne7 12. c3 c5 13. Nc4 Ng6 14. Nxd6+ cxd6
15. d4 cxd4 16. cxd4 Nh4 17. dxe5 Nxf3+ 18. Kg2 Nxe5 19. Bd4 Rc8 20. Bc3 Rc4 21.
f4 Nd3 22. Rad1 Nc5 23. Rxd6 Rxe4 24. f5 O-O 25. f6 g6 26. Rfd1 Na4 27. Rd8 Ree8
28. Rxe8 Rxe8 29. Bb4 Nxb2 30. Rd7 b5 31. Be7 Nc4 32. Rc7 Ne3+ 33. Kf3 Nd5 34.
Ra7 Nxe7 35. fxe7 Kg7 36. Kf4 f6 37. Rxa6 Rxe7 38. Rb6 g5+ 39. Kf3 Ra7 40. Rxb5
Ra3+ 41. Kg2 Rxa2+ 42. Kf3 Kg6 43. Rb3 h4 44. Rb8 Rh2 0-1

[Event "40th Olympiad Women"]
[Site "Istanbul TUR"]
[Date "2012.08.29"]
[Round "2.13"]
[Board "1"]
[White "Real Pereyra, Diana Carime"]
[Black "Kulovana, Eva"]
[Result "1/2-1/2"]
[WhiteTitle "WFM"]
[BlackTitle "WGM"]
[WhiteElo "2075"]
[BlackElo "2259"]
[WhiteTeam "Mexico"]
[BlackTeam "Czech Republic"]
[WhiteFideId "5104106"]
[BlackFideId "318779"]
[EventDate "2012.08.28"]

1. e4 c6 2. d4 d5 3. f3 e6 4. Nc3 Bb4 5. a3 Bxc3+ 6. bxc3 b6 7. g3 Ba6 8. Bg2
Ne7 9. Be3 Nd7 10. Ne2 O-O 11. O-O Rc8 12. Re1 c5 13. Qd2 cxd4 14. cxd4 Nb8 15.
Nf4 Nbc6 16. Nh5 Kh8 17. e5 Ng8 18. Bh3 Qd7 19. g4 Na5 20. Qf2 Qe7 21. g5 Rc3
22. Qh4 Rfc8 23. Kh1 Qf8 24. Bg4 Rxc2 25. Rg1 Bd3 26. Nf4 Bg6 27. Bxe6 R8c3 28.
Rae1 Ne7 29. Bxd5 Nf5 30. Nxg6+ fxg6 31. Qf4 Rxa3 32. Be4 Rc8 33. Bf2 Nc4 34. d5
Ra2 35. Rg2 Qb4 36. Rb1 Qd2 37. Qxd2 Rxd2 38. Rc1 b5 39. f4 a5 40. Be1 Rxg2 41.
Bxg2 b4 42. Be4 b3 43. Bxf5 gxf5 44. Bxa5 b2 45. Rb1 Nxa5 46. Rxb2 Nc4 47. Rc2
Kg8 48. Kg1 Kf7 49. Kf2 Nb6 50. Rxc8 Nxc8 51. Ke3 Ne7 52. e6+ Ke8 53. Kd4 Ng6
54. h4 Ke7 55. h5 Nxf4 56. Ke5 Nxh5 57. d6+ Ke8 58. Kxf5 Ng3+ 59. Ke5 Ne2 60.
Kd5 Nf4+ 61. Ke5 Ng6+ 62. Kd5 Kd8 63. Ke4 Ke8 64. Kd5 h6 65. gxh6 gxh6 66. Kc6
Kd8 67. e7+ Nxe7+ 68. dxe7+ Kxe7 69. Kd5 Kf6 70. Ke4 Kg5 1/2-1/2

[Event "40th Olympiad Women"]
[Site "Istanbul TUR"]
[Date "2012.08.29"]
[Round "2.13"]
[Board "2"]
[White "Nemcova, Katerina"]
[Black "Garcia Morales, Ivette Ale"]
[Result "1-0"]
[WhiteTitle "WGM"]
[WhiteElo "2276"]
[BlackElo "2014"]
[WhiteTeam "Czech Republic"]
[BlackTeam "Mexico"]
[WhiteFideId "322750"]
[BlackFideId "5105994"]
[EventDate "2012.08.28"]

1. e4 e6 2. d4 d5 3. Nc3 Bb4 4. e5 Ne7 5. a3 Bxc3+ 6. bxc3 c5 7. a4 Qa5 8. Bd2
c4 9. h4 Bd7 10. Nh3 Nbc6 11. Qf3 Rf8 12. Qg4 Nf5 13. f4 O-O-O 14. Be2 f6 15.
Ra3 h5 16. Qf3 fxe5 17. dxe5 Qc5 18. Ra1 Nxh4 19. Qf2 Qxf2+ 20. Kxf2 Nxe5 21.
Bxh5 g6 22. Be2 Nf7 23. g4 g5 24. Kg3 gxf4+ 25. Bxf4 Ng6 26. Be3 Kb8 27. Rhf1
Nd6 28. Bf3 Nf7 29. Bg2 Bc6 30. Bc5 Nd6 31. Rxf8 Nxf8 32. Rf1 Kc7 33. Ng5 1-0

[Event "40th Olympiad Women"]
[Site "Istanbul TUR"]
[Date "2012.08.29"]
[Round "2.13"]
[Board "3"]
[White "Guerrero Rodriguez, Alejandra"]
[Black "Havlikova, Kristyna"]
[Result "0-1"]
[WhiteTitle "WIM"]
[BlackTitle "WIM"]
[WhiteElo "2072"]
[BlackElo "2298"]
[WhiteTeam "Mexico"]
[BlackTeam "Czech Republic"]
[WhiteFideId "5104297"]
[BlackFideId "309672"]
[EventDate "2012.08.28"]

1. d4 d6 2. e4 g6 3. Nc3 Bg7 4. Be3 c6 5. Qd2 b5 6. a3 Bb7 7. h4 h5 8. Nh3 Nd7
9. Ng5 a5 10. f4 b4 11. Nd1 bxa3 12. Rxa3 Nh6 13. Be2 e6 14. Nf2 d5 15. e5 Bf8
16. Ra2 a4 17. Nd3 Nf5 18. Bf2 Be7 19. O-O Ra7 20. Rfa1 Qa8 21. c3 O-O 22. Qd1
a3 23. bxa3 Ba6 24. Nb4 Bxe2 25. Qxe2 Nb6 26. g4 hxg4 27. Qxg4 Ng7 28. Be3 Nc4
29. Bc1 c5 30. Nc2 Qb7 31. Qf3 Rfa8 32. Ne3 Nxe3 33. Bxe3 cxd4 34. Bxd4 Rxa3 35.
Rxa3 Rxa3 36. Rxa3 Bxa3 37. c4 Be7 38. cxd5 exd5 39. Qd3 Qc8 40. Qf3 Qc1+ 41.
Qf1 Qd2 42. Qa1 Bxg5 43. fxg5 Ne6 44. Bf2 Nf4 45. Qa8+ Kg7 46. Qa7 Qd1+ 47. Kh2
Qf3 0-1

[Event "40th Olympiad Women"]
[Site "Istanbul TUR"]
[Date "2012.08.29"]
[Round "2.14"]
[Board "1"]
[White "Reizniece-Ozola, Dana"]
[Black "Greeff, Melissa"]
[Result "1-0"]
[WhiteTitle "WGM"]
[BlackTitle "WGM"]
[WhiteElo "2251"]
[BlackElo "2091"]
[WhiteTeam "Latvia"]
[BlackTeam "South Africa"]
[WhiteFideId "11601124"]
[BlackFideId "14301504"]
[EventDate "2012.08.28"]

1. c4 e5 2. Nc3 Nc6 3. g3 f5 4. Bg2 Nf6 5. d3 g6 6. e3 Bg7 7. Nge2 O-O 8. O-O d6
9. Rb1 a5 10. b3 Ne7 11. Nd5 c6 12. Nxf6+ Bxf6 13. Bb2 Be6 14. f4 h6 15. Qd2 g5
16. Rbe1 Qd7 17. Bc3 b6 18. Qb2 Ng6 19. a3 Bg7 20. b4 axb4 21. axb4 b5 22. cxb5
cxb5 23. Bxa8 Rxa8 24. Ra1 Rc8 25. Ra3 Bd5 26. Qa1 Bb7 27. Ra7 Qc6 28. Rxb7 Qxb7
29. Qa2+ Qf7 30. Qxf7+ Kxf7 31. fxg5 Ke6 32. gxh6 Bxh6 33. Kf2 Ne7 34. Rc1 Nd5
35. Bd2 Ra8 36. Rc2 Ra3 37. e4 Nf6 38. Bxh6 Ng4+ 39. Kg2 Nxh6 40. Nc3 Rb3 41.
Nxb5 Rxb4 42. Nc7+ Kd7 43. Nd5 Rd4 44. Rc7+ Ke8 45. Rc3 Kf7 46. Kf3 Kg7 47. h3
Nf7 48. h4 Nd8 49. Ne3 fxe4+ 50. dxe4 Rd2 51. g4 Ne6 52. Nf5+ Kg6 53. Rc6 Nd4+
54. Ke3 Re2+ 55. Kd3 Nxc6 56. Kxe2 Nd8 57. Nxd6 Ne6 58. Nc4 Nf4+ 59. Kf3 Kf6 60.
g5+ Ke6 61. Kg4 Nd3 62. Ne3 Nf2+ 63. Kf3 Nh3 64. Nd5 Kf7 65. Kg2 Nxg5 66. hxg5
Kg6 67. Kg3 Kxg5 68. Kf3 Kg6 69. Kg4 1-0

[Event "40th Olympiad Women"]
[Site "Istanbul TUR"]
[Date "2012.08.29"]
[Round "2.14"]
[Board "3"]
[White "Berzina, Ilze"]
[Black "Solomons, Anzel"]
[Result "1/2-1/2"]
[WhiteTitle "WGM"]
[BlackTitle "WIM"]
[WhiteElo "2306"]
[BlackElo "1927"]
[WhiteTeam "Latvia"]
[BlackTeam "South Africa"]
[WhiteFideId "11601345"]
[BlackFideId "14300800"]
[EventDate "2012.08.28"]

1. e4 e5 2. Nf3 Nc6 3. Bb5 Nf6 4. O-O Nxe4 5. d4 Nd6 6. Bxc6 dxc6 7. dxe5 Nf5 8.
Qxd8+ Kxd8 9. b3 h6 10. Bb2 Bd7 11. Nc3 b6 12. Rad1 Kc8 13. Ne2 Ne7 14. h3 Ng6
15. Nd2 Kb7 16. f4 Bc5+ 17. Nd4 Bf5 18. c3 Rad8 19. Kh2 Bd3 20. Rf2 Ne7 21. N2f3
Be4 22. Rfd2 Nd5 23. g3 Ne3 24. Re1 Bxf3 25. Nxf3 Nf5 26. Red1 Kc8 27. g4 Ne3
28. Rxd8+ Rxd8 29. Rxd8+ Kxd8 30. c4 Nd1 31. Ba1 Nf2 32. f5 Nd3 33. Kg3 Nc1 34.
Kh4 g6 35. Kg3 Ke7 36. e6 gxf5 37. gxf5 fxe6 38. f6+ Kf8 39. Kg4 Be3 40. Kh5 Nd3
41. Kg6 Nf4+ 42. Kxh6 Nxh3+ 43. Kg6 Nf4+ 44. Kh7 Nd3 45. Nh4 Kf7 46. Ng6 c5 47.
Nh8+ Kf8 48. Ng6+ Kf7 49. Nh8+ 1/2-1/2

[Event "40th Olympiad Women"]
[Site "Istanbul TUR"]
[Date "2012.08.29"]
[Round "2.14"]
[Board "4"]
[White "Frick, Denise"]
[Black "Skinke, Katrina"]
[Result "0-1"]
[WhiteTitle "WIM"]
[BlackTitle "WIM"]
[WhiteElo "1896"]
[BlackElo "2226"]
[WhiteTeam "South Africa"]
[BlackTeam "Latvia"]
[WhiteFideId "14300818"]
[BlackFideId "11602260"]
[EventDate "2012.08.28"]

1. e4 d6 2. d4 g6 3. Nc3 Bg7 4. f4 a6 5. a4 b6 6. Nf3 Bb7 7. Bd3 Nf6 8. O-O O-O
9. Qe1 Nc6 10. e5 dxe5 11. fxe5 Nd5 12. Nxd5 Qxd5 13. Be4 Qd7 14. Qh4 f6 15. Bh6
Nd8 16. Bxg7 Kxg7 17. Bxb7 Nxb7 18. Qe4 c6 19. Rae1 f5 20. Qd3 e6 21. Rd1 b5 22.
axb5 axb5 23. b3 Rfd8 24. Rf2 h6 25. Rfd2 Qc7 26. c4 Nc5 27. Qc2 Ne4 28. Rd3 b4
29. Qb2 Qb6 30. Kf1 Ra7 31. Ra1 Rda8 32. Rdd1 Ra3 33. Rxa3 bxa3 34. Qc2 Rb8 35.
Rb1 Qb4 36. d5 cxd5 37. cxd5 Nc3 38. Rc1 Nxd5 39. Qc6 Qe7 40. Nd4 Rb6 41. Qa4
Rb4 42. Qa8 Rxd4 43. Rc8 Nb6 44. Rg8+ Kf7 45. Qb8 a2 0-1

[Event "40th Olympiad Women"]
[Site "Istanbul TUR"]
[Date "2012.08.29"]
[Round "2.15"]
[Board "1"]
[White "Ptacnikova, Lenka"]
[Black "Porat, Maya"]
[Result "1/2-1/2"]
[WhiteTitle "WGM"]
[BlackTitle "WIM"]
[WhiteElo "2281"]
[BlackElo "2295"]
[WhiteTeam "Iceland"]
[BlackTeam "Israel"]
[WhiteFideId "305650"]
[BlackFideId "2808072"]
[EventDate "2012.08.28"]

1. e4 c5 2. Nf3 e6 3. d4 cxd4 4. Nxd4 Nf6 5. Nc3 Nc6 6. Ndb5 Bb4 7. a3 Bxc3+ 8.
Nxc3 d5 9. exd5 exd5 10. Bd3 O-O 11. O-O d4 12. Ne2 Bg4 13. f3 Bh5 14. Bg5 Qd6
15. b4 Rad8 16. Nf4 Bg6 17. Nxg6 hxg6 18. Bxf6 Qxf6 19. Be4 Ne5 20. Rf2 Rd7 21.
Qf1 Rc8 22. Bd3 Nxd3 23. Qxd3 Rc3 24. Qe4 Re3 25. Qg4 Qf5 26. Qxf5 gxf5 27. Rd2
g6 28. c4 b6 29. Rad1 Rxa3 30. Rxd4 Rxd4 31. Rxd4 Ra4 32. b5 Ra2 33. Rd7 Kg7 34.
h4 Kf6 35. Kh2 Ke6 36. Rc7 Kf6 37. Kh3 Ra3 38. Kg3 Ra1 39. Kf4 Ra2 40. g3 Ra4
41. Rc6+ Kg7 42. g4 fxg4 43. fxg4 a6 44. bxa6 Rxa6 45. Ke4 Ra4 46. Kd5 Rb4 47.
h5 Rb1 48. hxg6 fxg6 49. g5 Rd1+ 50. Ke6 Re1+ 51. Kd6 Rb1 52. Rc7+ Kf8 53. Ke6
Rf1 54. Rd7 Rf5 55. Rd5 Rf4 56. Rd6 Rxc4 57. Kf6 Rc8 58. Rxb6 Kg8 59. Kxg6 Ra8
60. Kh6 Rc8 61. g6 Ra8 62. Rb7 Rc8 63. Rg7+ Kh8 64. Rh7+ Kg8 65. Rg7+ Kh8 66.
Rh7+ Kg8 67. Rg7+ Kh8 68. Rh7+ 1/2-1/2

[Event "40th Olympiad Women"]
[Site "Istanbul TUR"]
[Date "2012.08.29"]
[Round "2.15"]
[Board "2"]
[White "Efroimski, Marsel"]
[Black "Thorsteinsdottir, Hallgerdur"]
[Result "1-0"]
[WhiteTitle "WIM"]
[WhiteElo "2174"]
[BlackElo "1957"]
[WhiteTeam "Israel"]
[BlackTeam "Iceland"]
[WhiteFideId "2810964"]
[BlackFideId "2302454"]
[EventDate "2012.08.28"]

1. e4 c6 2. d4 d5 3. exd5 cxd5 4. c4 Nf6 5. Nc3 Nc6 6. Bg5 Be6 7. c5 Ne4 8. Be3
g6 9. Qb3 Qd7 10. Rd1 Nxc3 11. bxc3 Bg7 12. Bb5 b6 13. Qa4 Rc8 14. Ba6 Ra8 15.
Bb5 Rc8 16. Ne2 O-O 17. O-O f6 18. c4 Rfd8 19. Nf4 Kh8 20. cxd5 Bxd5 21. cxb6 g5
22. Nxd5 Qxd5 23. b7 Rc7 24. Rc1 1-0

[Event "40th Olympiad Women"]
[Site "Istanbul TUR"]
[Date "2012.08.29"]
[Round "2.15"]
[Board "3"]
[White "Johannsdottir, Johanna Bjorg"]
[Black "Klinova, Masha"]
[Result "0-1"]
[BlackTitle "IM"]
[WhiteElo "1886"]
[BlackElo "2317"]
[WhiteTeam "Iceland"]
[BlackTeam "Israel"]
[WhiteFideId "2303108"]
[BlackFideId "2802015"]
[EventDate "2012.08.28"]

1. e4 d6 2. d4 Nf6 3. Nc3 g6 4. Be3 Bg7 5. Qd2 c6 6. Bh6 Bxh6 7. Qxh6 e5 8. dxe5
dxe5 9. Nf3 Qe7 10. h3 Nbd7 11. Rd1 Qf8 12. Qxf8+ Rxf8 13. Be2 Ke7 14. O-O b5
15. a3 Nh5 16. g3 f6 17. b4 a5 18. Rd2 axb4 19. axb4 Nb6 20. Kg2 Ng7 21. Rfd1
Bb7 22. Rd6 Ne8 23. R6d2 Nc7 24. Ne1 Ne6 25. Nxb5 cxb5 26. Rd6 Nd4 27. Rxb6 Rab8
28. Kf1 Bxe4 29. Rxb8 Rxb8 30. c3 Nxe2 31. Kxe2 Rc8 32. Rc1 Bd5 33. Nd3 Ra8 34.
Ke3 Ra2 35. Nc5 f5 36. Rd1 Bc6 37. Nd3 e4 38. Ne5 Ra6 39. f4 exf3 40. Nxf3 Ra3
41. Rc1 Bd5 42. Nd4 Bc4 43. Kf4 Kf6 44. h4 h6 45. Rc2 Ra1 46. Nf3 Ra3 47. Nd4
Ra8 48. Rc1 g5+ 49. hxg5+ hxg5+ 50. Kf3 Ra3 51. Ke3 Ra8 52. Kf3 g4+ 53. Kf2 Ra2+
54. Rc2 Ra1 55. Kg2 Ke5 56. Kf2 Ke4 57. Rd2 Rf1+ 58. Kg2 Ke3 59. Rc2 Bd3 60. Ra2
Rc1 61. Kh2 Rxc3 62. Nxb5 Bxb5 63. Ra5 Bd3 64. Re5+ Be4 65. Rxe4+ Kxe4 0-1

[Event "40th Olympiad Women"]
[Site "Istanbul TUR"]
[Date "2012.08.29"]
[Round "2.15"]
[Board "4"]
[White "Shvayger, Yuliya"]
[Black "Finnbogadottir, Tinna Kristin"]
[Result "1-0"]
[WhiteTitle "WFM"]
[WhiteElo "2202"]
[BlackElo "1832"]
[WhiteTeam "Israel"]
[BlackTeam "Iceland"]
[WhiteFideId "14100126"]
[BlackFideId "2300214"]
[EventDate "2012.08.28"]

1. e4 c5 2. Nf3 g6 3. c4 Nc6 4. d4 cxd4 5. Nxd4 Nf6 6. Nc3 Nxd4 7. Qxd4 Bg7 8.
Bg5 d6 9. Be2 O-O 10. Qd2 Be6 11. Rc1 Rc8 12. b3 Qa5 13. f3 Rfe8 14. O-O Bd7 15.
Rfd1 Bc6 16. Bf1 a6 17. Kh1 Kh8 18. Rc2 Nd7 19. Rb1 Nf8 20. b4 Qc7 21. Rbc1 Ne6
22. Nd5 Qd8 23. Be3 Ba4 24. Rc3 Bxc3 25. Qxc3+ f6 26. Nb6 Bc6 27. Nxc8 Qxc8 28.
Qb3 Kg7 29. a4 Rh8 30. Bd3 Be8 31. f4 Bf7 32. Qc3 Qd7 33. a5 Rc8 34. Qd2 Nf8 35.
Bf1 Qe8 36. e5 Nd7 37. exd6 exd6 38. Re1 Bxc4 39. Bc5 Qd8 40. Qxd6 Bxf1 41. Re7+
Kh6 42. Rxd7 Qe8 43. Re7 Qc6 44. Qd2 Rd8 45. Qf2 Bxg2+ 46. Qxg2 Qc8 47. Qf3 Qf5
48. Re1 Kg7 49. Qxb7+ Rd7 50. Qe4 Qh5 51. Bf8+ Kg8 52. Qe6+ Rf7 53. Bc5 Kg7 54.
Kg2 g5 55. fxg5 Qxg5+ 56. Kh1 Qh5 57. Rg1+ 1-0

[Event "40th Olympiad Women"]
[Site "Istanbul TUR"]
[Date "2012.08.29"]
[Round "2.16"]
[Board "1"]
[White "Lahno, Kateryna"]
[Black "Pourkashiyan, Atousa"]
[Result "1-0"]
[WhiteTitle "GM"]
[BlackTitle "WGM"]
[WhiteElo "2542"]
[BlackElo "2313"]
[WhiteTeam "Ukraine"]
[BlackTeam "Iran"]
[WhiteFideId "14109336"]
[BlackFideId "12502014"]
[EventDate "2012.08.28"]

1. e4 e5 2. Nf3 Nf6 3. Nxe5 d6 4. Nf3 Nxe4 5. d4 d5 6. Bd3 Nc6 7. O-O Be7 8. Nc3
Nxc3 9. bxc3 Bg4 10. Re1 O-O 11. Bf4 Bh5 12. Rb1 Rb8 13. Qe2 Bd6 14. Qe3 Bxf4
15. Qxf4 Bxf3 16. Qxf3 a6 17. Re3 b5 18. Rbe1 b4 19. cxb4 Nxb4 20. Bf5 g6 21. c3
Qf6 22. cxb4 Qxf5 23. Qxf5 gxf5 24. a3 Rb5 25. Rg3+ Kh8 26. Rc1 Rc8 27. Rf3 a5
28. bxa5 Rxa5 29. Rxf5 Kg7 30. Rc3 c5 31. dxc5 Rcxc5 32. Rg3+ Kf8 33. h3 d4 34.
Rff3 Rc1+ 35. Kh2 Rc2 36. Rd3 Rxf2 37. Rxd4 Ra2 38. Rd8+ Ke7 39. Rdd3 Kf8 40.
Rb3 Ra7 41. Rge3 Kg7 42. Kg3 Ra6 43. Kh2 Ra7 44. Rf3 Kf8 45. h4 h5 46. Kh3 Ra1
47. g3 Kg7 48. Rf5 R1xa3 49. Rg5+ Kf8 50. Rb8+ Ke7 51. Rxh5 R3a5 52. Rhh8 Ra1
53. Rhg8 Rh1+ 54. Kg4 Ra4+ 55. Kh5 Ra5+ 56. Kh6 Ra6+ 57. Kh7 Kf6 58. Rb5 Rha1
59. g4 Rh1 60. h5 Rh4 61. g5+ Ke7 62. h6 Rh5 63. Rb7+ Ke6 64. g6 f5 65. Rgb8 Ke5
66. Rb6 Ra7+ 67. R8b7 Ra8 68. g7 Rg5 69. Rg6 Rxg6 70. Kxg6 f4 71. Rf7 Kd5 1-0